00602nam a2200241Ia 4500008004100000020002500041100001400066245001300080245003300093245001700126250001900143260001500162260002000177260000900197300001600206300002700222300001000249650002400259650001800283650002500301650002500326700000900351160803s9999 xx 000 0 und d a9780545494786 (pbk.) aFunk, Joe aMush! :  bsled dogs of the Iditarod /  cby Joe Funk. aFirst edition. aNew York : bScholastic Inc. c2013 a48 pages :  bcolor illustrations ;  c26 cm aIditarod (Race) --  aSled dogs --  xJuvenile literature. xJuvenile literature. a1140